Holiday Quiz

Random Holiday or Clickable Quiz

Click-a-Trick, Click-a-Treat Quiz Stats

 Plays Quiz not verified by Sporcle

Score 0/15 Timer 02:30
1 Play Today
% Correct
Rice Krispie Treat
92.8%
Trick or Treat
92.3%
Treaty of Versailles
92.3%
Tricky Dick
91.6%
Trick Knee
90.9%
One-Trick Pony
90.4%
Jedi Mind Trick
89.5%
Hat Trick
89%
% Correct
Treat Yo' Self Day
88%
Tricked Out
87%
Magic Trick
85.7%
Cheap Trick
84%
Oldest Trick in the Book
81.2%
Don't Treat Me Bad
80.8%
San Francisco Treat
80.5%

You're not logged in!

Compare scores with friends on all Sporcle quizzes.
OR
Log In

Sporcle TV

Today on Sporcle TV


Watch our educational content, quiz creation guides, and fun videos on Sporcle TV.

Show Comments

Extras

Top Quizzes Today


Score Distribution

Your Account Isn't Verified!

In order to create a playlist on Sporcle, you need to verify the email address you used during registration. Go to your Sporcle Settings to finish the process.

Report this User

Report this user for behavior that violates our Community Guidelines.

Details: